000 00349nam a2200133Ia 4500
999 _c10886
_d10886
008 191201s2007 xx 000 0 und d
100 _aTYAGI, Anita
245 0 _aTextile Design Colour and Texture
250 _aRep
260 _aNew Delhi
_bSonali
_c2017
300 _a288
650 _aBachelor of Fashion and Apparel Design
942 _2ddc
_cBK
_02